000 00487nam a2200217Ia 4500
005 20250425161947.0
008 250425s9999 xx 000 0 und d
020 _a8425216095
041 _aspa
043 _asp
082 _a659.1324
100 _aBLACKWELL, LEWIS
245 0 _aLA TIPOGRAFIA DEL SIGLO XX
250 _a1A ED.
260 _aBARCELONA
260 _aEspaƱa
_bGUSTAVO GILI
_c1992
300 _a256
650 _aTIPOGRAFIA
942 _c01
010 _a37329
999 _c219680
_d219680